• 首页
  • 本馆介绍
  • 公告通知
  • 最新文献
  • 馆藏检索
  • 电子资源
  • 读者导购
  • 参考咨询
  • 我的图书馆
  • 登录
  • 详细信息显示
  • 放入我的书架
  • 预约/预借图书
  • 作者相关作品
  • 分类相关作品
  • 丛书相关作品
  • 出版社相关作品

书目信息

  • 表格格式
  • 工作单格式
  • 卡片格式
题名:
政治经济学研究
    
 
作者: 卫兴华 著
分册: 一  
出版信息: 北京   求实出版社  1987
页数: 472页
开本: 21cm
丛书名:
单 册:
中图分类: F0
科图分类:
主题词: 政治经济学 , 政治经济学
电子资源:
ISBN:
000 00648nam0 2200253 45
001 0187000989
005 20040423093247.4
010    @dCNY2.55
091    @a4231.291
100    @a19900808d1987 km y0chiy0121 ea
101 0  @achi
102    @aCN@b110000
105    @ay z 000yy
106    @ar
200 10 @a政治经济学研究@Azheng zhi jing ji xue yan jiu@h一@f卫兴华著
210    @a北京@c求实出版社@d1987
215    @a472页@d21cm
606    @a政治经济学
606 0  @a政治经济学
690    @aF0
701  0 @a卫兴华@Awei xing hua@4著
801  0 @aCN@b深圳图书馆@c20040423
801  2 @aCN@bNLC@c20040423
905    @f2@b202224-225@dF0@e106:1
    
    政治经济学研究.一/卫兴华著.-北京:求实出版社,1987
    472页;21cm
    
    
    ISBN :CNY2.55
    
●
相关链接 在E读中查询图书 在五车中查询图书 在当当中查询图书 在豆瓣中查询图书


正题名:政治经济学研究     索取号:F0/106:1         预约/预借

序号 登录号 条形码 馆藏地/架位号 状态 备注
1 0202224   001269031   第一借阅区/ [索取号:F0/106:1] 在馆    
2 0202225   001269059   密集书库/ [索取号:F0/106:1] 在馆    
3 0202226   001269040   第一样本阅览室/ [索取号:F0/106:1] 在馆    
唐山师范学院图书馆 欢迎您!
大连网信软件有限公司© 版权所有